International Issues & Slovak Foreign Policy Affairs

Detalles Bibliográficos
Formato: Revista
Lenguaje:inglés
Publicado: Bratislava : Research Center of the Slovak Foreign Policy Association, 1992-
Materias:
Acceso en línea:http://www.vlex.com/source/7204

MARC

LEADER 00000nas a22000007a 4500
005 20130321155747.0
007 cr|||| ||||
008 130321c19929999xo fr|p s|||| 0|||a1eng d
022 |a 13375482  
035 |a 7204 
040 |a vLex 
090 |c 3970  |d 3970 
245 0 0 |a International Issues & Slovak Foreign Policy Affairs  |h [Recurso electrn̤ico] 
256 |a Servicio en ln̕ea 
260 |a Bratislava :  |b Research Center of the Slovak Foreign Policy Association,   |c 1992- 
300 |a 1 Recurso electrn̤ico 
506 |d vLex Global  |d vLex Global (Academic Edition, excluding Law Schools)  |d vLex Global (U.S. Academic Edition, Law Schools)  |d vLex Global (U.S. Academic Edition, excluding Law Schools)  |d vLex Global (Academic Edition, Law Schools) 
650 0 4 |a Relaciones internacionales  |v Revistas  |z Eslovaquia 
650 0 4 |a Comercio internacional  |v Revistas  |z Eslovaquia 
740 |a vLex Revistas (Servicio en ln̕ea) 
856 |a Acceso restringido  |u http://www.vlex.com/source/7204 
942 |c REV 
999 0 |a International relations